| 000 | 00000nam##2200000za#4500 |
| 001 | 9.696826 |
| 003 | CaOODSP |
| 005 | 20210624235216 |
| 007 | cr ||||||||||| |
| 008 | 150407|1999||||xxc|||||o f|0| 0 eng|d |
| 040 | |aCaOODSP|beng |
| 043 | |an-cn--- |
| 086 | 1 |aE97-56/1999E-PDF |
| 110 | 1 |aCanada.|bInternational Development Research Centre. |
| 245 | 10|aJapan's system of official development assistance : |h[electronic resource]|bprofiles for partnership #1 / |c[by] Micheline Beaudry-Somcynsky and Chris M. Cook. |
| 260 | |bInternational Development Research Centre |cc1999. |
| 300 | |a238p.|bfigs., graphs, references, tables |
| 590 | |a12-41-Supp|b2012-11-07 |
| 690 | 07|aForeign aid|2gcpds |
| 690 | 07|aInternational development|2gcpds |
| 720 | 1 |aBeaudry-Somcynsky, Micheline |
| 720 | 1 |aCook, Chris M. |
| 856 | 40|ahttp://publications.gc.ca|qPDF|s9.21 MB|uhttps://publications.gc.ca/collections/collection_2012/crdi-idrc/E97-56-1999-eng.pdf |